Совершенствование механизма блокировки предохранительной гидродинамической муфты: автореферат диссертации на соискание ученой степени кандидата технических наук; спец. 05.02.02

Bibliographic Details
Main Author: Коперчук А. В. Александр Викторович
Corporate Authors: Национальный исследовательский Томский политехнический университет (ТПУ) Юргинский технологический институт (ЮТИ) Кафедра механики и инженерной графики, Национальный исследовательский Томский политехнический университет (ТПУ) Кафедра теоретической и прикладной механики
Other Authors: Саруев Л. А. Лев Алексеевич (научный руководитель)
Summary:Защита сост. 7.06.2013 г.
Language:Russian
Published: Юрга, 2013
Subjects:
Format: Book
KOHA link:https://koha.lib.tpu.ru/cgi-bin/koha/opac-detail.pl?biblionumber=240637

MARC

LEADER 00000nam0a2200000 4500
001 240637
005 20231101231745.0
035 |a (RuTPU)RU\TPU\book\261895 
090 |a 240637 
100 |a 20130624d2013 k y0rusy50 ca 
101 0 |a rus 
102 |a RU 
105 |a a dm 001zy 
200 1 |a Совершенствование механизма блокировки предохранительной гидродинамической муфты  |e автореферат диссертации на соискание ученой степени кандидата технических наук  |e спец. 05.02.02  |f А. В. Коперчук  |g Национальный исследовательский Томский политехнический университет (ТПУ), Юргинский технологический институт (ЮТИ), Кафедра механики и инженерной графики ; Национальный исследовательский Томский политехнический университет (ТПУ), Кафедра теоретической и прикладной механики ; науч. рук. Л. А. Саруев 
210 |a Юрга  |d 2013 
215 |a 20 с.  |c ил. 
300 |a Защита сост. 7.06.2013 г. 
320 |a Библиогр.: с. 19-20 (8 назв.). 
606 1 |a Муфты гидродинамические  |x Конструкция и расчет  |x Испытание  |2 stltpush  |3 (RuTPU)RU\TPU\subj\44606  |9 63916 
610 1 |a предохранительные муфты 
610 1 |a гидромуфты 
610 1 |a блокировка 
610 1 |a механизмы блокировки 
610 1 |a диски 
610 1 |a блокирующие устройства 
610 1 |a геометрические параметры 
610 1 |a нагрузочная способность 
610 1 |a повышение 
610 1 |a авторефераты диссертаций 
610 1 |a труды учёных ТПУ 
675 |a 621.825.032(04)  |v 3 
686 |a 05.02.02  |2 oksvnk 
700 1 |a Коперчук  |b А. В.  |c специалист в области механики и инженерной графики  |c старший преподаватель Юргинского технологического института (филиал) Томского политехнического университета  |f 1974-  |g Александр Викторович  |2 stltpush  |3 (RuTPU)RU\TPU\pers\27451 
702 1 |a Саруев  |b Л. А.  |c горный инженер  |c профессор Томского политехнического университета, доктор технических наук  |f 1940-  |g Лев Алексеевич  |2 stltpush  |3 (RuTPU)RU\TPU\pers\19862  |4 727 
712 0 2 |a Национальный исследовательский Томский политехнический университет (ТПУ)  |b Юргинский технологический институт (ЮТИ)  |b Кафедра механики и инженерной графики  |c (2009- )  |2 stltpush  |3 (RuTPU)RU\TPU\col\15903 
712 0 2 |a Национальный исследовательский Томский политехнический университет (ТПУ)  |b Кафедра теоретической и прикладной механики  |c (2009- )  |2 stltpush  |3 (RuTPU)RU\TPU\col\15902 
801 1 |a RU  |b 63413507  |c 20130624 
801 2 |a RU  |b 63413507  |c 20160607  |g RCR 
942 |c BK